| 000 -LEADER |
| fixed length control field |
00318nam a2200121Ia 4500 |
| 008 - FIXED-LENGTH DATA ELEMENTS--GENERAL INFORMATION |
| fixed length control field |
190802s9999 xx 000 0 und d |
| 020 ## - INTERNATIONAL STANDARD BOOK NUMBER |
| International Standard Book Number |
978-81-224-3998-4 |
| 100 ## - MAIN ENTRY--PERSONAL NAME |
| Personal name |
S M Khopkar |
| 245 #0 - TITLE STATEMENT |
| Title |
Instrumental Methods in Bioanalytical Chemistry |
| 260 ## - PUBLICATION, DISTRIBUTION, ETC. (IMPRINT) |
| Place of publication, distribution, etc |
Australia |
| Name of publisher, distributor, etc |
New Age |
| Date of publication, distribution, etc |
2016 |
| 300 ## - PHYSICAL DESCRIPTION |
| Extent |
484:p |
| 942 ## - ADDED ENTRY ELEMENTS (KOHA) |
| Koha item type |
Books |